Normal view
MARC view
Entry Personal Name
001 - CONTROL NUMBER
- control field: 624054
003 - CONTROL NUMBER IDENTIFIER
- control field: OSt
005 - DATE AND TIME OF LATEST TRANSACTION
- control field: 20221005110053.0
008 - FIXED-LENGTH DATA ELEMENTS
- fixed length control field: 221005|| aca||aabn | a|a d
040 ## - CATALOGING SOURCE
- Original cataloging agency: OSt
- Transcribing agency: OSt
100 ## - HEADING--PERSONAL NAME
- Personal name: राव, पी आदेश्वर, अनु
670 ## - SOURCE DATA FOUND
- Source citation: Work cat.: (OSt)1017697: त्रिपुनेनि गोपीचन्द, पं. परमेश्वर शास्त्री की वसीयत, अनु0 पी आदेश्वर राव, 1997
